Dreams by Fleetwood Mac Lyrics - Statistics

General Stats
  • This quiz has been taken 501 times
  • The average score is 162 of 200
Answer Stats
Hint Answer % Correct
- I
99%
- you
99%
- a
98%
- the
97%
- when
97%
- it
96%
- go
95%
- and
93%
- love
93%
- only
93%
- play
93%
- It's
92%
- it's
92%
- rain
92%
- who
91%
- they
90%
- thunder
90%
- raining
89%
- happens
88%
- playing
88%
- say
88%
- to
88%
- your
88%
- here
87%
- players
87%
- want
86%
- will
86%
- come
85%
- again
84%
- am
84%
- know
84%
- freedom
83%
- they're
83%
- keep
80%
- Now
79%
- in
77%
- women
77%
- down
75%
- of
75%
- oh
75%
- well
75%
- what
75%
- you'll
75%
- dreams
73%
- feel
70%
- had
70%
- me
69%
- my
69%
- that
67%
- washes
67%
- sound
65%
- vision
65%
- way
65%
- clean
64%
- Like
64%
- like
64%
- listen
64%
- myself
63%
- crystal
62%
- heartbeat
62%
- see
62%
- lost
61%
- loneliness
60%
- carefully
58%
- right
58%
- should
58%
- have
57%
- visions
57%
- around
54%
- but
54%
- drives
54%
- mad
52%
- wrap
49%
- remembering
46%
- stillness
45%
- wants
45%
- you'd
45%
- any
44%
- sell
39%
- Ooh
22%
No matching quizzes found
Score Distribution
Percent of People with Each Score
Percentile by Number Answered
Your Score History
You have not taken this quiz